Support Ribbons Part 1 - Statistics

General Stats
  • This quiz has been taken 7 times
    3 since last reset
  • The average score is 3 of 25
Answer Stats
Picture Answer % Correct
Breast Cancer
100%
HIV/AIDS
50%
Liver Cancer
50%
Substance Abuse
50%
2014 Hong Kong Protests
0%
2014 Hong Kong Protests
0%
Catalan Crisis
0%
Endometriosis
0%
Freedom of association
0%
Freedom of press
0%
Freedom of speech
0%
Hepatitis B
0%
Leukaemia
0%
Mental Health
0%
Military Services
0%
Multiple Myeloma
0%
Multiple Sclerosis
0%
MV Sewol
0%
Non-Hodgkin Lymphoma
0%
Non smoking week
0%
Parkinson’s disease
0%
Police officer mourning
0%
Rural Fire
0%
Stand with ACLU initiative
0%
Suicide
0%
No matching quizzes found
Score Distribution
Percent of People with Each Score
Percentile by Number Answered
Your Score History
You have not taken this quiz since the last reset